[Event "European Blitz 2017"]
[Site "Katowice POL"]
[Date "2017.12.15"]
[Round "13.43"]
[White "Kutynec, Vladimir"]
[Black "Jahncke, Giso"]
[Result "1/2-1/2"]
[WhiteTitle "IM"]
[BlackTitle "FM"]
[WhiteElo "2270"]
[BlackElo "2403"]
[WhiteFideId "4119843"]
[BlackFideId "24608289"]
[EventDate "2017.12.15"]
[EventType "blitz"]

1. Nf3 Nf6 2. c4 g6 3. Nc3 Bg7 4. e4 d6 5. d4 O-O 6. Be2 e5 7. O-O Nc6 8. d5 Ne7
9. Ne1 Nd7 10. Be3 f5 11. f3 f4 12. Bf2 g5 13. a4 a5 14. Nd3 b6 15. b4 axb4 16.
Nb5 Nf6 17. Be1 g4 18. Bxb4 Ng6 19. a5 bxa5 20. Rxa5 Rxa5 21. Bxa5 Rf7 22. c5
Bf8 23. cxd6 Bxd6 24. Nxd6 Qxd6 25. Qc2 Ba6 26. Rc1 Qa3 27. Bxc7 Rxc7 28. Qxc7
Bxd3 29. Bxd3 Qxd3 30. Qd8+ Nf8 31. Rc8 Qd1+ 32. Kf2 Qd2+ 33. Kf1 Qd1+ 34. Kf2
Qd2+ 35. Kf1 1/2-1/2

[Event "European Blitz 2017"]
[Site "Katowice POL"]
[Date "2017.12.15"]
[Round "13.44"]
[White "Meissner, Felix"]
[Black "Sanz Losada, Victoriano"]
[Result "1-0"]
[WhiteTitle "FM"]
[BlackTitle "CM"]
[WhiteElo "2333"]
[BlackElo "2050"]
[WhiteFideId "24671827"]
[BlackFideId "2202808"]
[EventDate "2017.12.15"]
[EventType "blitz"]

1. e4 c5 2. Nf3 d6 3. d4 cxd4 4. Nxd4 Nf6 5. f3 g6 6. c4 Bg7 7. Nc3 O-O 8. Be2
Nc6 9. Nc2 b6 10. O-O Bb7 11. Be3 Rc8 12. Qd2 Qc7 13. b3 Rfd8 14. Rfd1 a6 15.
Rac1 e6 16. Nd4 Ne5 17. Bf1 h5 18. Qf2 Nfd7 19. Kh1 Qb8 20. Qg3 Nc5 21. h3 Ba8
22. Qh4 Nc6 23. Nde2 b5 24. cxb5 axb5 25. Nd4 b4 26. Nce2 Ne5 27. Nf4 Qa7 28.
Rd2 Kf8 29. Rcd1 Qe7 30. Qf2 Kg8 31. Nb5 Bc6 32. Nxd6 Ra8 33. Bxc5 Nd7 34. Bxb4
Rdb8 35. a3 Nb6 36. Nf5 Qf6 37. Be7 Qe5 38. Nd3 Qc7 39. Bd6 1-0

[Event "European Blitz 2017"]
[Site "Katowice POL"]
[Date "2017.12.15"]
[Round "13.45"]
[White "Narva, Mai"]
[Black "Costachi, Mihnea"]
[Result "0-1"]
[WhiteTitle "WIM"]
[BlackTitle "IM"]
[WhiteElo "2211"]
[BlackElo "2441"]
[WhiteFideId "4500512"]
[BlackFideId "1217518"]
[EventDate "2017.12.15"]
[EventType "blitz"]

1. e4 e5 2. Nf3 Nc6 3. Bb5 a6 4. Ba4 Nf6 5. O-O b5 6. Bb3 Bc5 7. Re1 O-O 8. c3
d6 9. d4 Bb6 10. h3 h6 11. a4 Bb7 12. Na3 Re8 13. Bc2 exd4 14. cxd4 Nb4 15. d5
Nxc2 16. Qxc2 Qd7 17. Bf4 bxa4 18. Nc4 Bc5 19. Ncd2 c6 20. dxc6 Bxc6 21. e5 Nd5
22. Bg3 Rac8 23. Rac1 Bb7 24. Qb1 Nb6 25. Ne4 Bb4 26. Rxc8 Nxc8 27. Rd1 d5 28.
Nc3 Nb6 29. Qd3 Bc5 30. Nh4 Qc6 31. Ne2 Qb5 32. Qf3 Qb3 33. Rd3 Qxb2 34. Nf5 Nd7
35. Qg4 g6 36. Nxh6+ Kf8 37. Qxd7 Re7 38. Qg4 Qb1+ 39. Kh2 Qxd3 40. Nf4 Qe4 41.
e6 Rxe6 42. Nxe6+ Qxe6 43. Qf4 a3 44. Ng4 a2 45. Qc1 Bd4 46. Qa3+ Kg7 47. Qxa2
f5 48. Qb3 Bc6 49. Qb4 Ba1 50. Qb1 Bc3 51. Ne3 d4 52. Nc2 Qd5 53. f3 d3 54. Ne3
Qd4 55. Nd1 Bb4 56. Qb3 Bd6 57. Nb2 Bxg3+ 58. Kxg3 Qe5+ 59. f4 Qe3+ 60. Kh2
Qxf4+ 61. Kg1 Qd4+ 62. Kf1 d2 63. Ke2 Bxg2 64. Nd1 Bc6 65. Ne3 Bb5+ 66. Kf2 Qf4+
67. Kg2 Qe4+ 68. Kf2 f4 69. Qc3+ Kh7 70. Ng4 Qe2+ 0-1

[Event "European Blitz 2017"]
[Site "Katowice POL"]
[Date "2017.12.15"]
[Round "13.46"]
[White "Dzhuguryan, Tygran"]
[Black "Janaszak, Dawid"]
[Result "1-0"]
[BlackTitle "FM"]
[WhiteElo "2220"]
[BlackElo "2372"]
[WhiteFideId "21872988"]
[BlackFideId "1119206"]
[EventDate "2017.12.15"]
[EventType "blitz"]

1. d4 g6 2. c4 Bg7 3. e4 d6 4. Nc3 Nf6 5. Nf3 O-O 6. h3 c6 7. Be3 Qa5 8. Qd2 e5
9. d5 cxd5 10. cxd5 Na6 11. Bd3 Nc5 12. O-O Nxd3 13. Qxd3 Bd7 14. a3 Rfc8 15.
Rfc1 a6 16. Rc2 b5 17. b4 Qd8 18. Rac1 Nh5 19. Ne2 Rxc2 20. Rxc2 a5 21. Qc3 axb4
22. axb4 f5 23. Qc7 fxe4 24. Ng5 Nf6 25. Qxd6 Qe8 26. Ng3 Rd8 27. N5xe4 Nxe4 28.
Nxe4 Bf5 29. Qb6 Bxe4 30. Rc7 Rd7 31. d6 Bf8 32. Bc5 Bf5 33. Qxb5 Qf7 34. Qb8
Kg7 35. Rxd7 Qxd7 36. Qc7 Kg8 37. Qb6 Be4 38. f3 Bc6 39. Qb8 Kf7 40. Qb6 Qb7 41.
Qa5 Qd7 42. Qb6 Qb7 43. Qa5 e4 44. Qa2+ Bd5 45. Qf2 exf3 46. gxf3 Bxf3 47. Kh2
Qe4 48. Kg3 Ke6 49. Qxf3 Qe1+ 50. Qf2 Qc3+ 51. Qf3 Qe5+ 52. Qf4 Qxf4+ 53. Kxf4
Bxd6+ 54. Bxd6 Kxd6 55. Kg5 Kc6 56. Kh6 Kb5 57. Kxh7 Kxb4 58. Kxg6 Kc5 59. h4 1-0

[Event "European Blitz 2017"]
[Site "Katowice POL"]
[Date "2017.12.15"]
[Round "13.47"]
[White "Orndahl, Markus"]
[Black "Krzyzanowski, Marcin"]
[Result "0-1"]
[BlackTitle "IM"]
[WhiteElo "2182"]
[BlackElo "2457"]
[WhiteFideId "1709135"]
[BlackFideId "1132199"]
[EventDate "2017.12.15"]
[EventType "blitz"]

1. e4 c5 2. Nf3 d6 3. Nc3 Nf6 4. e5 dxe5 5. Nxe5 e6 6. Bb5+ Nfd7 7. d4 a6 8.
Bxd7+ Nxd7 9. Qh5 Nxe5 10. dxe5 Bd7 11. Bg5 Qb6 12. O-O-O Bc6 13. Rd2 h6 14.
Rhd1 Be7 15. Bxe7 Kxe7 16. Qh4+ g5 17. Qg3 Rad8 18. Rxd8 Rxd8 19. Rxd8 Qxd8 20.
h4 Kf8 21. hxg5 Qxg5+ 22. Qxg5 hxg5 23. f3 Kg7 24. Kd2 Kg6 25. Ne4 Bxe4 26. fxe4
Kh5 27. Ke2 Kg4 0-1

[Event "European Blitz 2017"]
[Site "Katowice POL"]
[Date "2017.12.15"]
[Round "13.48"]
[White "Klabis, Rokas"]
[Black "Zwardon, Vojtech"]
[Result "1-0"]
[WhiteTitle "FM"]
[BlackTitle "IM"]
[WhiteElo "2366"]
[BlackElo "2408"]
[WhiteFideId "12805246"]
[BlackFideId "325511"]
[EventDate "2017.12.15"]
[EventType "blitz"]

1. e4 c5 2. Nc3 g6 3. g3 Bg7 4. Bg2 Nc6 5. Nge2 Rb8 6. O-O b5 7. d3 b4 8. Nd5 e6
9. Ne3 Nge7 10. f4 d6 11. f5 exf5 12. exf5 gxf5 13. Bxc6+ Nxc6 14. Nxf5 Be5 15.
d4 cxd4 16. Nexd4 Nxd4 17. Nxd4 Bh3 18. Rf2 Qb6 19. Be3 Qb7 20. Qh5 Qd7 21. Re1
Bg4 22. Qh6 Rc8 23. Bf4 Be6 24. Bxe5 dxe5 25. Nxe6 Qxe6 26. Qg7 Kd7 27. Rxf7+
Kc6 28. Rf6 Rhe8 29. Rxe6+ Rxe6 30. Rxe5 1-0

[Event "European Blitz 2017"]
[Site "Katowice POL"]
[Date "2017.12.15"]
[Round "13.49"]
[White "Dvirnyy, Danyyil"]
[Black "Batsiashvili, Nino"]
[Result "1-0"]
[WhiteTitle "GM"]
[BlackTitle "IM"]
[WhiteElo "2532"]
[BlackElo "2502"]
[WhiteFideId "817570"]
[BlackFideId "13602993"]
[EventDate "2017.12.15"]
[EventType "blitz"]

1. Nf3 d5 2. g3 Nf6 3. Bg2 c5 4. c4 d4 5. e3 Nc6 6. exd4 cxd4 7. O-O Bf5 8. Re1
e6 9. d3 h6 10. Na3 Be7 11. Nc2 a5 12. b3 O-O 13. Bb2 Bc5 14. Ne5 Nxe5 15. Rxe5
Qd6 16. Rxc5 Qxc5 17. Ba3 Qb6 18. Bxf8 Rxf8 19. Qd2 Rd8 20. Re1 Nd7 21. Be4 Bh3
22. Qf4 e5 23. Qh4 Be6 24. Bg2 Qc7 25. Na3 Nc5 26. Nb5 Qb8 27. Bf1 Bf5 28. Rxe5
g5 29. Qxh6 Qxe5 30. Qxg5+ Kh7 31. Qh4+ Kg7 32. Qxd8 Bxd3 33. Bxd3 Nxd3 34. Qxd4
Qxd4 35. Nxd4 Nc1 36. a3 Kf6 37. f4 Nd3 38. Kg2 a4 39. bxa4 Nb2 40. c5 Nxa4 41.
c6 1-0

[Event "European Blitz 2017"]
[Site "Katowice POL"]
[Date "2017.12.15"]
[Round "13.50"]
[White "Mikhalchishin, Adrian"]
[Black "Fedorov, Evgueny"]
[Result "1-0"]
[WhiteTitle "GM"]
[WhiteElo "2479"]
[BlackElo "2241"]
[WhiteFideId "14602385"]
[BlackFideId "4188004"]
[EventDate "2017.12.15"]
[EventType "blitz"]

1. Nf3 Nf6 2. c4 e6 3. Nc3 c5 4. d4 cxd4 5. Nxd4 Bb4 6. g3 O-O 7. Bg2 d5 8. O-O
dxc4 9. Qa4 Qa5 10. Qxa5 Bxa5 11. Bf4 Na6 12. Rac1 Nc5 13. Bd6 Bxc3 14. bxc3 Na4
15. Bxf8 Kxf8 16. Rfd1 a6 17. Nc6 Bd7 18. Ne5 Bb5 19. Bxb7 Rb8 20. Bc6 Ke7 21.
Bxb5 Rxb5 22. Nc6+ 1-0

[Event "European Blitz 2017"]
[Site "Katowice POL"]
[Date "2017.12.15"]
[Round "13.51"]
[White "Sergeev, Vladimir"]
[Black "Manik, Mikulas"]
[Result "1-0"]
[WhiteTitle "GM"]
[BlackTitle "GM"]
[WhiteElo "2406"]
[BlackElo "2415"]
[WhiteFideId "14101076"]
[BlackFideId "14900734"]
[EventDate "2017.12.15"]
[EventType "blitz"]

1. d4 Nf6 2. Nf3 g6 3. Bg5 Bg7 4. Nbd2 O-O 5. c3 h6 6. Bh4 d6 7. a4 Nc6 8. e4 e5
9. dxe5 Nxe5 10. Nxe5 dxe5 11. Bc4 Kh7 12. a5 Qe8 13. Bxf6 Bxf6 14. O-O a6 15.
Re1 Qe7 16. Nf1 Bg7 17. Qc2 f5 18. b4 f4 19. f3 g5 20. h3 h5 21. Qe2 g4 22. fxg4
hxg4 23. hxg4 f3 24. gxf3 Bh6 25. Ng3 Qh4 26. Kg2 Kg7 27. Rh1 Qg5 28. Rad1 b5
29. Bd5 Ra7 30. Rh5 Qf4 31. Rdh1 Rf6 32. Rf5 Bxf5 33. Nh5+ Kf8 34. Nxf4 Bd7 35.
Nh5 Rd6 36. Qf2 1-0

[Event "European Blitz 2017"]
[Site "Katowice POL"]
[Date "2017.12.15"]
[Round "13.52"]
[White "Amores Gago, Javier"]
[Black "Heberla, Bartlomiej"]
[Result "0-1"]
[BlackTitle "GM"]
[WhiteElo "2139"]
[BlackElo "2555"]
[WhiteFideId "32004192"]
[BlackFideId "1115120"]
[EventDate "2017.12.15"]
[EventType "blitz"]

1. e4 c5 2. Nc3 Nc6 3. g3 g6 4. Bg2 Bg7 5. d3 d6 6. f4 Nf6 7. Nf3 O-O 8. O-O Rb8
9. h3 b5 10. g4 b4 11. Ne2 a5 12. Ng3 Ba6 13. Kh2 c4 14. d4 c3 15. b3 Bxf1 16.
Bxf1 d5 17. e5 Ne4 18. Bd3 Nxg3 19. Kxg3 e6 20. g5 h5 21. Be3 Ra8 22. Nh4 Ne7
23. Kf2 a4 24. Rb1 axb3 25. axb3 Ra2 26. Qe2 Qa5 27. Kg3 Ra1 28. Rc1 Qa3 29.
Rxa1 Qxa1 30. Kg2 Ra8 31. Kh2 Qb1 32. Qf2 Ra1 33. Kg3 Qd1 34. Kh2 Rb1 35. Kg3
Rxb3 36. cxb3 Qxd3 37. Qa2 Qxe3+ 0-1

[Event "European Blitz 2017"]
[Site "Katowice POL"]
[Date "2017.12.15"]
[Round "13.53"]
[White "Zelbel, Patrick"]
[Black "Konopka, Michal"]
[Result "1-0"]
[WhiteTitle "IM"]
[BlackTitle "IM"]
[WhiteElo "2456"]
[BlackElo "2381"]
[WhiteFideId "24624322"]
[BlackFideId "308633"]
[EventDate "2017.12.15"]
[EventType "blitz"]

1. e4 Nf6 2. e5 Nd5 3. d4 d6 4. c4 Nb6 5. exd6 cxd6 6. Nc3 g6 7. Be3 Bg7 8. Rc1
O-O 9. b3 e5 10. Nf3 Nc6 11. dxe5 dxe5 12. Qxd8 Rxd8 13. c5 Nd7 14. Bc4 h6 15.
Rd1 Nf8 16. Rxd8 Nxd8 17. Nd5 Be6 18. Nd2 f5 19. f3 Kf7 20. Nc7 Rc8 21. Nxe6
Nfxe6 22. Ke2 Ke7 23. b4 Nc6 24. a3 Ncd4+ 25. Kd3 b6 26. Bxe6 Nxe6 27. cxb6 axb6
28. Bxb6 Nf4+ 29. Ke3 Nxg2+ 30. Kf2 Nf4 31. Bc5+ Ke6 32. Nb3 Ra8 33. b5 Nd3+ 34.
Ke3 Nxc5 35. Nxc5+ Kd5 36. Na6 Kc4 37. Rb1 f4+ 38. Ke2 e4 39. fxe4 Bc3 40. a4 g5
41. Rc1 g4 42. Nc7 Re8 43. Nxe8 1-0

[Event "European Blitz 2017"]
[Site "Katowice POL"]
[Date "2017.12.15"]
[Round "13.54"]
[White "Tregubov, Pavel V."]
[Black "Macko, Miroslav"]
[Result "1-0"]
[WhiteTitle "GM"]
[BlackTitle "FM"]
[WhiteElo "2575"]
[BlackElo "2262"]
[WhiteFideId "4115341"]
[BlackFideId "14932695"]
[EventDate "2017.12.15"]
[EventType "blitz"]

1. d4 Nf6 2. c4 c5 3. d5 b5 4. cxb5 a6 5. e3 g6 6. Nc3 Bg7 7. bxa6 d6 8. e4 O-O
9. Nf3 Nxa6 10. Be2 e6 11. O-O exd5 12. exd5 Bb7 13. a3 Nc7 14. Bc4 Nd7 15. Bg5
Bf6 16. Bxf6 Qxf6 17. Ne4 Qe7 18. Re1 Nb6 19. Nxc5 Qxe1+ 20. Qxe1 dxc5 21. d6
Nxc4 22. dxc7 Rac8 23. Qc3 Nb6 24. Qxc5 Nd5 25. Rd1 Rxc7 26. Qa5 Rfc8 27. h3 Nf4
28. Kh2 Bxf3 29. gxf3 Ne6 30. Rd2 Rc5 31. Qb6 R8c6 32. Qb4 Rf5 33. Qe4 Rb6 34.
Rd5 Rf4 35. Qe5 Rxf3 36. Kg2 Rfb3 37. Rd2 R6b5 38. Qf6 Rg5+ 39. Kf1 Rf5 40. Qe7
Rbf3 41. a4 Rxh3 42. b4 Nf4 43. Rd8+ Kg7 44. Qf8+ Kf6 45. Rd6+ Kg5 46. Qe7+ f6
47. Ke1 Rh1+ 48. Kd2 Rb1 49. Rd4 Rb2+ 50. Kc1 Rxf2 51. Rd2 Rf1+ 52. Kb2 Nd5 53.
Qe4 R1f4 54. Qg2+ Rg4 55. Qxd5 Rxb4+ 56. Ka3 Rf4 57. Qb3 Rf3 58. Rd3 R3f4 59.
Rg3+ Kh6 60. Rh3+ Kg7 61. Qb7+ Kf8 62. Qxh7 g5 63. Qg6 Ke7 64. Qg7+ Ke6 65. Re3+
Kd5 66. Qd7+ Kc4 67. Qc6+ Kd4 68. Qc3+ Kd5 69. Rd3+ Ke6 70. Qb3+ Ke7 71. Rc3 Re5
72. Rc7+ Kd6 73. Qb6+ Kd5 74. Rc5+ Ke4 75. Rxe5+ Kxe5 76. a5 Rf3+ 77. Kb2 g4 78.
a6 g3 79. a7 Rf2+ 80. Kb3 Rf3+ 81. Kb4 Rf1 82. Qc5+ Ke6 83. Qc4+ Ke7 84. Qxf1 1-0

[Event "European Blitz 2017"]
[Site "Katowice POL"]
[Date "2017.12.15"]
[Round "13.55"]
[White "Pena Gomez, Manuel"]
[Black "Sotsky, Alexander"]
[Result "1-0"]
[WhiteTitle "IM"]
[BlackTitle "IM"]
[WhiteElo "2491"]
[BlackElo "2333"]
[WhiteFideId "2252813"]
[BlackFideId "4130715"]
[EventDate "2017.12.15"]
[EventType "blitz"]

1. g3 d5 2. Bg2 c6 3. Nf3 Bg4 4. O-O e6 5. b3 f5 6. c4 Nf6 7. Qc2 Nbd7 8. Bb2
Bd6 9. d3 O-O 10. Nbd2 f4 11. e4 fxe3 12. fxe3 Qe8 13. e4 Bc5+ 14. Kh1 Qh5 15.
d4 dxe4 16. Nxe4 Bf5 17. Nh4 Bb6 18. Nxf5 exf5 19. Nd6 Ng4 20. Bf3 Bc7 21. Bxg4
fxg4 22. Rf5 Qh6 23. Rxf8+ Rxf8 24. Ne4 Nf6 25. Rf1 Nxe4 26. Rxf8+ Kxf8 27. Qxe4
Bxg3 28. Qf5+ Ke8 29. Qc8+ Kf7 30. Qxb7+ Ke8 31. Qc8+ Kf7 32. Qd7+ Kg6 33. Qxc6+
Kf5 34. Qxh6 1-0

[Event "European Blitz 2017"]
[Site "Katowice POL"]
[Date "2017.12.15"]
[Round "13.56"]
[White "Sammalvuo, Tapani"]
[Black "Dubinski, Mateusz"]
[Result "1-0"]
[WhiteTitle "IM"]
[BlackTitle "CM"]
[WhiteElo "2416"]
[BlackElo "2249"]
[WhiteFideId "501115"]
[BlackFideId "1125923"]
[EventDate "2017.12.15"]
[EventType "blitz"]

1. d4 d5 2. c4 c6 3. cxd5 cxd5 4. Nc3 Nc6 5. Bf4 a6 6. e3 Nf6 7. Nf3 e6 8. Bd3
Be7 9. O-O O-O 10. Rc1 Nh5 11. Na4 Nxf4 12. exf4 h6 13. a3 Bd6 14. g3 Qf6 15.
Nb6 Rb8 16. Bxa6 Na5 17. Nxc8 Rfxc8 18. Bd3 b5 19. Ne5 Qe7 20. Qe2 Nc4 21. Bb1
f6 22. Ng6 Qf7 23. Rfe1 Re8 24. h4 b4 25. a4 b3 26. h5 Rb4 27. Rc3 Rb7 28. Rd1
Ra8 29. f5 e5 30. dxe5 Nxe5 31. Nf4 Rxa4 32. Nxd5 Ng4 33. Rc8+ Kh7 34. Qe6 Qxe6
35. fxe6+ Re4 36. Bxe4+ 1-0

[Event "European Blitz 2017"]
[Site "Katowice POL"]
[Date "2017.12.15"]
[Round "13.57"]
[White "Horton, Andrew P"]
[Black "Skliarov, Viktor"]
[Result "0-1"]
[WhiteTitle "FM"]
[BlackTitle "IM"]
[WhiteElo "2397"]
[BlackElo "2353"]
[WhiteFideId "424269"]
[BlackFideId "14106736"]
[EventDate "2017.12.15"]
[EventType "blitz"]

1. b3 e5 2. Bb2 Nc6 3. e3 Nf6 4. Bb5 Bd6 5. Ne2 Ne7 6. Ng3 c6 7. Be2 Bc7 8. O-O
Ng6 9. d4 e4 10. d5 d6 11. c4 O-O 12. Nc3 Re8 13. Qd2 Qe7 14. Rfd1 c5 15. Qc2
Nh4 16. a3 Nf5 17. b4 Nxg3 18. hxg3 b6 19. b5 Bf5 20. a4 Qf8 21. a5 Bg6 22. axb6
axb6 23. Ra6 Rad8 24. Na4 Nd7 25. Qc3 Rc8 26. Ra7 h5 27. Kf1 Ne5 28. Ra6 Rb8 29.
Ke1 Bd8 30. Kd2 Bf6 31. Qb3 Qe7 32. Kc2 Nd3 33. Bxf6 Qxf6 34. Rf1 Nb4+ 35. Kb1
Nxa6 36. bxa6 Qe7 37. Qb5 Red8 38. Kc2 f6 39. Rb1 Be8 40. Qb3 Qa7 41. Nc3 Qxa6
42. Nxe4 Ra8 43. Nc3 Bg6+ 44. e4 Qa3 45. Qxa3 Rxa3 46. Rxb6 Raa8 47. Bd3 Rab8
48. Rc6 Kf8 49. Nb5 Ke7 50. f4 Be8 51. Rc7+ Rd7 52. e5 fxe5 53. fxe5 dxe5 54.
d6+ Kd8 55. Bf5 Rxd6 56. Rxg7 Bxb5 57. cxb5 Rxb5 58. Rg5 c4 59. Rxh5 Rd4 60. g4
Ra5 61. Kc3 Ra3+ 62. Kb2 Rg3 63. Rh6 Rd2+ 64. Kc1 Rdxg2 65. Rd6+ Kc7 66. Rd5 Re3
67. Bc2 Re1+ 68. Bd1 Rxg4 69. Kd2 Rxd1+ 70. Kxd1 Rd4+ 0-1

[Event "European Blitz 2017"]
[Site "Katowice POL"]
[Date "2017.12.15"]
[Round "13.58"]
[White "Budrewicz, Krzysztof"]
[Black "Gdanski, Jacek"]
[Result "0-1"]
[BlackTitle "GM"]
[WhiteElo "2204"]
[BlackElo "2458"]
[WhiteFideId "1127950"]
[BlackFideId "1100106"]
[EventDate "2017.12.15"]
[EventType "blitz"]

1. d4 Nf6 2. c4 c5 3. d5 g6 4. Nf3 d6 5. Nc3 Bg7 6. e4 e6 7. Bd3 exd5 8. cxd5 a6
9. a4 Bg4 10. O-O O-O 11. h3 Bxf3 12. Qxf3 Nbd7 13. Qd1 Re8 14. Re1 Qc7 15. Be3
c4 16. Bc2 Nc5 17. f3 Rab8 18. a5 Nfd7 19. Bd4 Ne5 20. Na4 Ncd3 21. Bxd3 Nxd3
22. Bxg7 Kxg7 23. Re2 Qxa5 24. Nc3 Qc5+ 25. Kh2 b5 26. Rc2 Ra8 27. Ne2 Qe3 28.
Qd2 Qxd2 29. Rxd2 Nc5 30. Nd4 Re5 31. Rc2 Rae8 32. Nc6 f5 33. Nxe5 Rxe5 34. exf5
gxf5 35. Rd2 Kf6 36. Rdd1 f4 37. h4 h5 38. Kh3 Re2 39. Rdb1 Ke5 40. Re1 Re3 41.
g3 Kd4 42. Rad1+ Nd3 43. Rxe3 fxe3 0-1

[Event "European Blitz 2017"]
[Site "Katowice POL"]
[Date "2017.12.15"]
[Round "13.59"]
[White "Bednarek, Sylwester"]
[Black "Polzin, Rainer"]
[Result "0-1"]
[WhiteTitle "FM"]
[BlackTitle "GM"]
[WhiteElo "2307"]
[BlackElo "2404"]
[WhiteFideId "1101811"]
[BlackFideId "4610741"]
[EventDate "2017.12.15"]
[EventType "blitz"]

1. d4 Nf6 2. Bg5 Ne4 3. Bh4 g5 4. f3 gxh4 5. fxe4 c5 6. e3 Qb6 7. Nc3 e6 8. Rb1
Nc6 9. Nf3 h3 10. d5 hxg2 11. Bxg2 Ne7 12. O-O Ng6 13. e5 Bg7 14. Ne4 O-O 15.
Nfg5 c4 16. Qh5 Qxe3+ 17. Kh1 h6 18. Nf6+ Bxf6 19. Nxf7 Nf4 20. Rxf4 Qxf4 21.
Qg6+ Bg7 22. Rf1 Qxf1+ 23. Bxf1 Rxf7 24. Bxc4 b5 25. Bb3 Bb7 26. Kg1 Raf8 27. h4
Bxd5 28. Bxd5 exd5 29. Qd6 Rf1+ 30. Kg2 R1f5 31. Qxd5+ Kh8 32. Qxd7 Rxe5 33.
Qxa7 Re2+ 34. Kg3 Rxc2 35. b4 Rc3+ 36. Kg4 Rc4+ 37. Kh5 Rxb4 38. a3 Rbf4 39. Qb7
Kh7 0-1

[Event "European Blitz 2017"]
[Site "Katowice POL"]
[Date "2017.12.15"]
[Round "13.60"]
[White "Sabuk, Piotr"]
[Black "Brodowski, Piotr"]
[Result "0-1"]
[WhiteTitle "IM"]
[BlackTitle "IM"]
[WhiteElo "2382"]
[BlackElo "2430"]
[WhiteFideId "1137565"]
[BlackFideId "1124480"]
[EventDate "2017.12.15"]
[EventType "blitz"]

1. Nf3 g6 2. d4 Bg7 3. e3 d6 4. Be2 Nf6 5. O-O O-O 6. c4 c6 7. Nc3 Nbd7 8. Qc2
e5 9. Rd1 Qc7 10. b4 Re8 11. Bb2 exd4 12. Nxd4 Ne5 13. b5 Bg4 14. Bxg4 Nexg4 15.
h3 Ne5 16. Nce2 Rac8 17. bxc6 bxc6 18. Qa4 Nfd7 19. Rac1 Nc5 20. Qa6 0-1

[Event "European Blitz 2017"]
[Site "Katowice POL"]
[Date "2017.12.15"]
[Round "13.61"]
[White "Pultinevicius, Paulius"]
[Black "Lavendelis, Egons"]
[Result "1-0"]
[WhiteTitle "IM"]
[BlackTitle "FM"]
[WhiteElo "2371"]
[BlackElo "2278"]
[WhiteFideId "12809390"]
[BlackFideId "11601647"]
[EventDate "2017.12.15"]
[EventType "blitz"]

1. Nf3 Nf6 2. b3 d5 3. Bb2 e6 4. g3 c5 5. Bg2 Nc6 6. O-O Be7 7. d4 b6 8. dxc5
bxc5 9. c4 O-O 10. cxd5 exd5 11. Nc3 Bb7 12. Rc1 Rc8 13. Nh4 d4 14. Na4 Na5 15.
Bxb7 Nxb7 16. Nf5 Re8 17. Nxe7+ Qxe7 18. Re1 Nd5 19. Ba3 a5 20. e3 Nb4 21. Bxb4
axb4 22. exd4 Qxe1+ 23. Qxe1 Rxe1+ 24. Rxe1 cxd4 25. Nb6 Rd8 26. Nd5 Kf8 27.
Nxb4 d3 28. Rd1 Nc5 29. f3 Ke7 30. Kf2 Ke6 31. Ke3 Ra8 32. Rd2 Nd7 33. Nxd3 Nf6
34. Nf4+ Ke7 35. h4 Nd7 36. Nd5+ Kf8 37. Nc7 Rd8 38. a4 Ke7 39. a5 Rc8 40. Nd5+
Ke6 41. Nf4+ Ke7 42. Nd5+ Ke6 43. Nf4+ Ke7 44. Kd4 Rb8 45. Kc3 Ne5 46. b4 Nxf3
47. Re2+ Kd6 48. a6 Ne5 49. Ra2 Nd7 50. a7 Rc8+ 51. Kb3 Nb6 52. Nd3 Na8 53. Nc5
Re8 54. Kc4 Kc6 55. Ra6+ Nb6+ 56. Rxb6+ Kxb6 57. Kd5 Re3 58. a8=Q 1-0

[Event "European Blitz 2017"]
[Site "Katowice POL"]
[Date "2017.12.15"]
[Round "13.62"]
[White "Kourousis, Epaminondas"]
[Black "Pein, Jonathan"]
[Result "1-0"]
[WhiteTitle "IM"]
[WhiteElo "2393"]
[BlackElo "2165"]
[WhiteFideId "4211626"]
[BlackFideId "417092"]
[EventDate "2017.12.15"]
[EventType "blitz"]

1. d4 Nf6 2. c4 g6 3. Nc3 Bg7 4. e4 O-O 5. h3 d6 6. Nf3 e5 7. d5 a5 8. Be3 Na6
9. Be2 Nc5 10. Nd2 b6 11. g4 Nfd7 12. h4 f5 13. gxf5 gxf5 14. exf5 Nf6 15. Qc2
Qd7 16. O-O-O Qxf5 17. Rdg1 Qxc2+ 18. Kxc2 Bf5+ 19. Kc1 Kh8 20. Rg5 Nfe4 21.
Rxf5 Rxf5 22. Ndxe4 Raf8 23. Nxc5 bxc5 24. Bg4 R5f7 25. Be6 Rf3 26. Ne4 a4 27.
Kc2 Re8 28. Ng5 Rf6 29. Nf7+ Kg8 30. Ng5+ Kh8 31. b3 axb3+ 32. axb3 h6 33. Ne4
Rff8 34. Rg1 Ra8 35. Kb2 Rf3 36. Rg6 Kh7 37. h5 Raf8 38. Rg1 Rxe3 39. fxe3 Rf3
40. Ra1 Rxe3 41. Bf5+ Kg8 42. Ra8+ Kf7 43. Bg6+ 1-0

[Event "European Blitz 2017"]
[Site "Katowice POL"]
[Date "2017.12.15"]
[Round "13.63"]
[White "Koscielski, Janusz"]
[Black "Kreisl, Robert"]
[Result "0-1"]
[WhiteTitle "FM"]
[BlackTitle "IM"]
[WhiteElo "2339"]
[BlackElo "2440"]
[WhiteFideId "4614437"]
[BlackFideId "1613880"]
[EventDate "2017.12.15"]
[EventType "blitz"]

1. e4 c6 2. d4 d5 3. exd5 cxd5 4. Bd3 Nc6 5. c3 Qc7 6. Ne2 e5 7. dxe5 Nxe5 8.
O-O Nf6 9. Bf4 Bd6 10. Bg3 O-O 11. Nd4 a6 12. Nf5 Bxf5 13. Bxf5 Nc4 14. Qc2 Bxg3
15. hxg3 Rfe8 16. Bd3 Ne4 17. Bxe4 dxe4 18. b3 Nd6 19. Nd2 e3 20. fxe3 Rxe3 21.
Nf3 Rxc3 0-1

[Event "European Blitz 2017"]
[Site "Katowice POL"]
[Date "2017.12.15"]
[Round "13.64"]
[White "Wachinger, Nikolas"]
[Black "Mikrut, Dariusz"]
[Result "0-1"]
[BlackTitle "IM"]
[WhiteElo "2243"]
[BlackElo "2375"]
[WhiteFideId "12962791"]
[BlackFideId "1112791"]
[EventDate "2017.12.15"]
[EventType "blitz"]

1. e4 c5 2. Nf3 d6 3. Bb5+ Bd7 4. Bxd7+ Nxd7 5. O-O Ngf6 6. Re1 e6 7. c3 Be7 8.
d4 cxd4 9. cxd4 d5 10. e5 Ne4 11. Nbd2 Nxd2 12. Bxd2 Qb6 13. Qa4 Qc6 14. Qxc6
bxc6 15. b4 Nb6 16. Rec1 Kd7 17. Bc3 Na4 18. Be1 Rhb8 19. Rab1 Rb5 20. a3 a5 21.
bxa5 Nb2 22. Bc3 Bxa3 23. Rc2 Nc4 24. Rxb5 cxb5 25. Nd2 b4 26. Ba1 Nxd2 27. Rxd2
Rc8 0-1